000 00787nam a2200241 a 4500
005 20231117063553.0
008 190212s20062014mx r 000 0 spa d
020 _a9788449318986
035 _aUPN01000229029
049 _aCG
050 4 _aRJ506 A9
_bS9.5
100 1 _aSzatmari, Peter,
_d1950-
_942695
245 1 4 _aUna mente diferente :
_bcomprender a los niños con autismo y síndrome de Asperger /
_cPeter Szatmari ; tr. de Ferran Meler-Ortí.
260 _aMadrid :
_bPaidós,
_c2006 (2014 impr.).
300 _a274 p.
440 0 _aGuías para padres ;
_v88
534 _pTítulo original:
_tA mind apart
650 2 _aAutismo
_9362
650 7 _aSíndrome de Asperger
_2
_95086
650 0 _aAutismo
_xPacientes
_xEducación
_919135
905 _aLibro
999 _c201124
_d201124